000 00857nam a2200181Ia 4500
008 151202s9999||||xx |||||||||||||| ||und||
082 _bPNVM-79029
100 _aक्षीरसागर श्री.के.
245 _aस्त्रीजीवन व विवाहविषयक लेखसंग्रह.
260 _bमहाराष्ट्र राज्य साहित्य व संस्कृती मंडळ.
260 _c1988
300 _a255
600 _aक्षीरसागर श्री.के.
630 _aस्त्रीजीवन व विवाहविषयक लेखसंग्रह.
700 _aक्षीरसागर श्री.के.
730 _aस्त्रीजीवन व विवाहविषयक लेखसंग्रह.
942 _cBOOK
999 _c1343688
_d1343685